FLORENCE ORWAT, L’Invention de la rêverie. Une conquête pacifique du Grand Siècle. Paris, Honoré Champion, 2006. Un vol. 16 × 24 de 521 p. (notice n° 1654388)
[ vue normale ]
| 000 -LEADER | |
|---|---|
| fixed length control field | 01049cam a2200157 4500500 |
| 005 - DATE AND TIME OF LATEST TRANSACTION | |
| control field | 20260208005927.0 |
| 041 ## - LANGUAGE CODE | |
| Language code of text/sound track or separate title | fre |
| 042 ## - AUTHENTICATION CODE | |
| Authentication code | dc |
| 100 10 - MAIN ENTRY--PERSONAL NAME | |
| Personal name | Collinet, Jean-Pierre |
| Relator term | author |
| 245 00 - TITLE STATEMENT | |
| Title | FLORENCE ORWAT, L’Invention de la rêverie. Une conquête pacifique du Grand Siècle. Paris, Honoré Champion, 2006. Un vol. 16 × 24 de 521 p. |
| 260 ## - PUBLICATION, DISTRIBUTION, ETC. | |
| Date of publication, distribution, etc. | 2008.<br/> |
| 500 ## - GENERAL NOTE | |
| General note | 30 |
| 520 ## - SUMMARY, ETC. | |
| Summary, etc. | Le 9 avril 1845 Victor Hugo écrit au représentant du roi de Suède à Paris, le comte G. C. F. Löwenhjelm en lui confiant deux exemplaires de Notre-Dame de Paris destinés au roi Oscar Ier et au secrétaire perpétuel de l’Académie suédoise, Bernhard von Beskow. Par sa date et son contenu, cette lettre se rattache à la correspondance de Hugo avec Beskow publiée dans le numéro précédent de la RHLF. |
| 786 0# - DATA SOURCE ENTRY | |
| Note | Revue d'histoire littéraire de la France | 107 | 4 | 2008-02-01 | p. 957d-1012d | 0035-2411 |
| 856 41 - ELECTRONIC LOCATION AND ACCESS | |
| Uniform Resource Identifier | <a href="https://shs.cairn.info/revue-d-histoire-litteraire-de-la-france-2007-4-page-957d?lang=fr&redirect-ssocas=7080">https://shs.cairn.info/revue-d-histoire-litteraire-de-la-france-2007-4-page-957d?lang=fr&redirect-ssocas=7080</a> |
Pas d'exemplaire disponible.




Réseaux sociaux